000
00310nam a2200133Ia 4500
100
_a
Parton/ V.Z./ Morozov/ E.M.
942
_c
BK
654
_a
mechanics
245
_a
Elastic-plastic tracture mechanics
260
_b
Mir Publishers
_a
Moscow
_c
1978
082
_a
620.112
300
_a
427
546
_a
ENGLISH
999
_c
29121
_d
29121